000 00455nam a2200193Ia 4500
003 OSt
005 20221005120430.0
006 a|||||r|||| 00| 0
007 ta
008 221004b |||||||| |||| 00| 0 eng d
024 _a111757
037 _cTextual
040 _aCRL
_cCRL
_beng
041 _2eng
_aeng
245 0 _aEconomic of the Belgian Congo and of Ruanda - Urundi
260 _c1954
942 _cTEXL
_2cc
999 _c1038015
_d1038015